Pferderassen - Statistiken

Allgemein
  • Dieses Quiz wurde 468 mal gespielt
  • Das Durchschnittsergebnis liegt bei 7 aus 12
Answers on the Grid
Answers color-coded by a green-red scale on the quiz's grid according to % correct below.
Oldenburger
Holsteiner
Albaner
Andalusier
Appaloosa
Budjonny
Deutscher
Canboi
Dartmoor
Escher Warmblut
Falabella
Finnpferd
Hans Pony
Grand Netherlander
Haflinger
Ottmaher
Kleines Belgisches
Rheinländer Kaltblut
Shetland Pony
Isländer
 
Antwortstatistiken
Antwort % Korrekt
Oldenburger
80%
Andalusier
79%
Holsteiner
79%
Appaloosa
77%
Haflinger
73%
Isländer
64%
Shetland Pony
64%
Falabella
60%
Dartmoor
54%
Finnpferd
19%
Albaner
17%
Budjonny
12%
Keine übereinstimmenden Quizze gefunden
Verteilung der Resultate
Anzahl Personen mit jedem Resultat
Perzentil nach korrekt beantworteten Fragen
Ihre Resultats-Entwicklung
Sie haben dieses Quiz noch nicht gespielt